000 00282nam a22001217a 4500
008 181019b xxu||||| |||| 00| 0 eng d
041 _aeng
080 _a617
100 _a6
101 _aSHK
245 _aFracture Management: A Practical Approach
_cHartman, J.T
942 _2udc
_cBK
999 _c50297
_d50297